Komunálne financovanie

Prvá Komunálna banka, a.s. so sídlom v Žiline vstupuje na peňažný trh ako špecializovaná banka so zameraním svojich služieb a produktov na financovania rozvojových programov miest a obcí Slovenskej Republiky.

Salvato in:
Dettagli Bibliografici
Autore principale: Mihalik, Jozef
Natura: Capitolo di libro
Lingua:slovacco
Soggetti:
Tags: Aggiungi Tag
Nessun Tag, puoi essere il primo ad aggiungerne!!

MARC

LEADER 00000naa a2200000 4500
001 r015843
005 20221213123630.7
041 0 |a slo 
044 |a SK 
245 1 0 |a Komunálne financovanie  |c Jozef Mihalik 
520 |a Prvá Komunálna banka, a.s. so sídlom v Žiline vstupuje na peňažný trh ako špecializovaná banka so zameraním svojich služieb a produktov na financovania rozvojových programov miest a obcí Slovenskej Republiky. 
610 2 0 |a Prvá Komunálna banka, a.s. Žilina 
610 2 0 |a banky 
610 2 0 |a financovanie 
610 2 0 |a programy rozvojové 
100 1 |a Mihalik, Jozef